Manchester Utd goalscorers in all competitions 2006/07 Quiz Stats

Quiz not verified by Sporcle

Challenge
Share
Tweet
Embed
Score 0/20 Timer 05:00
0 Plays Today
Goals Player % Correct
23Wayne Rooney
100%
23Cristiano Ronaldo
96.8%
7Paul Scholes
95.8%
6Ryan Giggs
95.8%
6Michael Carrick
92.6%
4Nemanja Vidic
90.5%
1Rio Ferdinand
89.5%
2Patrice Evra
85.3%
13Louis Saha
84.2%
5John O'Shea
75.8%
Goals Player % Correct
3Darren Fletcher
69.5%
11Ole Gunnar Solskjaer
64.2%
1Alan Smith
62.1%
1Gabriel Heinze
52.6%
5Park Ji-Sung
45.3%
3Kieran Richardson
44.2%
3Henrik Larsson
43.2%
1Mikael Silvestre
40%
1Chris Eagles
33.7%
1Kieran Lee
17.9%

You're not logged in!

Compare scores with friends on all Sporcle quizzes.
Join for Free
OR
Log In

You Might Also Like...

Show Comments

Extras

Top Quizzes Today


Score Distribution

Your Account Isn't Verified!

In order to create a playlist on Sporcle, you need to verify the email address you used during registration. Go to your Sporcle Settings to finish the process.

Report this User

Report this user for behavior that violates our Community Guidelines.

Details: